[Event "LiSB-ch Veterans"]
[Site "Sittard"]
[Date "2003.11.30"]
[Round "2"]
[White "Michon, John"]
[Black "Simonis, Peter"]
[Result "1-0"]
[WhiteElo "1661"]
[BlackElo "1758"]
[PlyCount "105"]
[EventDate "2003.11.29"]
[EventType "swiss"]
[EventRounds "5"]
[EventCountry "NED"]
[Source "P.Boonen"]
[SourceDate "2012.01.01"]

1. d4 d5 2. c4 c6 3. Nc3 Nf6 4. Bg5 e6 5. cxd5 exd5 6. Nf3 Nbd7 7. e3 Bb4 8.
Qc2 h6 9. Bh4 g5 10. Bg3 Ne4 11. Rc1 Qe7 12. Bd3 Nxg3 13. hxg3 Nf6 14. Nxg5 Ng4
15. Nf3 Bd7 16. Ke2 O-O-O 17. Nxd5 Qd6 18. Nxb4 Qxb4 19. Rh5 Kb8 20. Ne5 Nxe5
21. Rxe5 f6 22. Rc5 Rde8 23. Qc3 Qb6 24. Qa3 Rhg8 25. e4 Rg4 26. Kf1 h5 27.
R1c4 h4 28. gxh4 Rxh4 29. f3 Qc7 30. Kf2 Rg8 31. e5 Rh2 32. Bf1 Bh3 33. Rc2
Rhxg2+ 34. Bxg2 Rxg2+ 35. Ke3 Rxc2 36. Rxc2 fxe5 37. Qf8+ Bc8 38. d5 Qb6+ 39.
Qc5 cxd5 40. Qxb6 axb6 41. Rh2 Kc7 42. Rh6 b5 43. Kd2 b6 44. b3 b4 45. Ke3 b5
46. f4 exf4+ 47. Kxf4 Bd7 48. Ke5 Bc6 49. Kd4 Kb6 50. Rf6 Ka5 51. Kc5 Bb7 52.
Rb6 Ba6 53. Rb8 1-0

[Event "LiSB-ch Veterans"]
[Site "Sittard"]
[Date "2003.11.30"]
[Round "3"]
[White "Claes, Peter"]
[Black "Michon, John"]
[Result "1-0"]
[WhiteElo "1697"]
[BlackElo "1661"]
[PlyCount "65"]
[EventDate "2003.11.29"]
[EventType "swiss"]
[EventRounds "5"]
[EventCountry "NED"]
[Source "P.Boonen"]
[SourceDate "2012.01.01"]

1. d4 d5 2. Nf3 Nf6 3. Nc3 Nc6 4. e3 a6 5. a3 e6 6. Bd3 Bd6 7. e4 dxe4 8. Nxe4
Nxe4 9. Bxe4 Ne7 10. c3 c6 11. O-O Qc7 12. c4 c5 13. dxc5 Bxc5 14. Qe2 f5 15.
Bc2 h6 16. b4 Ba7 17. Bb2 Rg8 18. Ba4+ Bd7 19. Be5 Qc8 20. Bxd7+ Qxd7 21. Rad1
Qc8 22. Rfe1 Ng6 23. Bd6 Kf7 24. Ne5+ Nxe5 25. Bxe5 g6 26. Qd2 g5 27. Qd7+ Kg6
28. c5 Bb8 29. Bxb8 Rxb8 30. Rxe6+ Kh5 31. Qf7+ Kg4 32. Rd4+ f4 33. h3+ 1-0

[Event "LiSB-ch Veterans"]
[Site "Sittard"]
[Date "2003.11.30"]
[Round "3"]
[White "Sauer, Bob"]
[Black "De Wit, Gerrit"]
[Result "0-1"]
[WhiteElo "1709"]
[BlackElo "1740"]
[PlyCount "60"]
[EventDate "2003.11.29"]
[EventType "swiss"]
[EventRounds "5"]
[EventCountry "NED"]
[Source "P.Boonen"]
[SourceDate "2012.01.01"]

1. e4 g6 2. Nf3 Bg7 3. Bc4 c6 4. c3 d5 5. exd5 cxd5 6. Bb5+ Nc6 7. d4 a6 8. Ba4
b5 9. Bc2 Nf6 10. h3 O-O 11. Bf4 Nh5 12. Bh2 f5 13. Qe2 Re8 14. Nbd2 b4 15. g4
fxg4 16. hxg4 bxc3 17. bxc3 Nf6 18. Ne5 Nxe5 19. Bxe5 Bxg4 20. f3 Bd7 21. Qh2
Nh5 22. Bxg7 Kxg7 23. Rg1 e5 24. Qxh5 exd4+ 25. Kf2 Qf6 26. Qxh7+ Kxh7 27.
Bxg6+ Qxg6 28. Rxg6 Kxg6 29. cxd4 Bb5 30. Nb3 Re2+ 0-1

[Event "LiSB-ch Veterans"]
[Site "Sittard"]
[Date "2003.11.30"]
[Round "3"]
[White "Schreinemachers, Jo"]
[Black "Meijerink, Harrie"]
[Result "1-0"]
[WhiteElo "1615"]
[BlackElo "1663"]
[PlyCount "91"]
[EventDate "2003.11.29"]
[EventType "swiss"]
[EventRounds "5"]
[EventCountry "NED"]
[Source "P.Boonen"]
[SourceDate "2012.01.01"]

1. d4 d5 2. c4 c6 3. Nf3 Nf6 4. e3 e6 5. Nc3 Nbd7 6. Bd3 dxc4 7. Bxc4 b5 8. Bd3
a6 9. e4 Bb7 10. O-O c5 11. e5 c4 12. Bc2 Nd5 13. Bg5 Be7 14. Ne4 O-O 15. Bxe7
Qxe7 16. Nd6 Bc6 17. Qd2 h6 18. Rad1 N7b6 19. Rfe1 Nc8 20. Ne4 a5 21. Bb1 b4
22. Qc2 f5 23. exf6 Nxf6 24. Nxf6+ gxf6 25. Qxc4 Bd5 26. Qd3 Rf7 27. Nh4 f5 28.
Nf3 Nd6 29. Ne5 Rg7 30. g3 Qh4 31. Qf1 h5 32. Re3 Qf6 33. f4 h4 34. Rd2 Rc8 35.
b3 Qh6 36. Kf2 hxg3+ 37. hxg3 Qh2+ 38. Ke1 Rc1+ 39. Rd1 Rxg3 40. Rxg3+ Qxg3+
41. Kd2 Rc3 42. Qg1 Kf8 43. Qxg3 Rxg3 44. Ke2 Rh3 45. Rg1 Rh4 46. Ng6+ 1-0

[Event "LiSB-ch Veterans"]
[Site "Sittard"]
[Date "2003.12.06"]
[Round "4"]
[White "De Wit, Gerrit"]
[Black "Claes, Peter"]
[Result "1-0"]
[WhiteElo "1740"]
[BlackElo "1697"]
[PlyCount "53"]
[EventDate "2003.11.29"]
[EventType "swiss"]
[EventRounds "5"]
[EventCountry "NED"]
[Source "P.Boonen"]
[SourceDate "2012.01.01"]

1. e4 c5 2. Nf3 d6 3. d4 cxd4 4. Nxd4 Nf6 5. Nc3 a6 6. Be2 e6 7. O-O Be7 8. f4
Nc6 9. Bf3 O-O 10. Kh1 Qc7 11. Nb3 Rd8 12. Qe2 Bd7 13. Qf2 Rac8 14. Be3 Qb8 15.
Rad1 b5 16. Rfe1 e5 17. f5 Nb4 18. a3 Nc6 19. g4 h6 20. g5 hxg5 21. Bxg5 Nh7
22. Be3 Nf6 23. Rg1 Bf8 24. Qh4 Be7 25. Bg5 Nd4 26. Nxd4 exd4 27. Bxf6 1-0

[Event "LiSB-ch Veterans"]
[Site "Sittard"]
[Date "2003.12.06"]
[Round "4"]
[White "Schreinemachers, Jo"]
[Black "Sauer, Bob"]
[Result "1-0"]
[WhiteElo "1615"]
[BlackElo "1709"]
[PlyCount "117"]
[EventDate "2003.11.29"]
[EventType "swiss"]
[EventRounds "5"]
[EventCountry "NED"]
[Source "P.Boonen"]
[SourceDate "2012.01.01"]

1. d4 d5 2. c4 e6 3. Nc3 Be7 4. Nf3 Nf6 5. Bg5 h6 6. Bh4 O-O 7. e3 c5 8. cxd5
exd5 9. dxc5 Nc6 10. a3 g5 11. Bg3 Bxc5 12. Be2 Bf5 13. O-O Nh5 14. Qxd5 Nxg3
15. hxg3 Qxd5 16. Nxd5 g4 17. Nh4 Bc8 18. Nf6+ Kg7 19. Nxg4 Rd8 20. Rfd1 Be6
21. Rxd8 Rxd8 22. Rd1 Rg8 23. Nh2 Ne5 24. N4f3 Ng6 25. b4 Bb6 26. Nd4 Bd7 27.
Bf3 Ba4 28. Rd2 Rc8 29. Nf1 Rc3 30. Bxb7 Rxa3 31. Bc6 Bxd4 32. Bxa4 Bc3 33. Rc2
Bxb4 34. Be8 a5 35. Rc7 Nh8 36. g4 Ra1 37. Ra7 Kf6 38. g3 Ra2 39. Ra6+ Ke7 40.
Bb5 Be1 41. f4 Ra1 42. Rxh6 Ng6 43. Kg2 a4 44. f5 Ne5 45. Ra6 a3 46. Nh2 Bc3
47. g5 Ra2+ 48. Kh3 Bd2 49. g6 fxg6 50. fxg6 Bxe3 51. Ng4 Bd4 52. g7 Kf7 53.
Nxe5+ Kxg7 54. Nc4 Bc5 55. Bd7 Ra1 56. Bc6 a2 57. Kg4 Bd4 58. Nd6 Kf8 59. Nf5
1-0

[Event "LiSB-ch Veterans"]
[Site "Sittard"]
[Date "2003.12.06"]
[Round "4"]
[White "Simonis, Peter"]
[Black "Meijerink, Harrie"]
[Result "1/2-1/2"]
[WhiteElo "1758"]
[BlackElo "1663"]
[PlyCount "101"]
[EventDate "2003.11.29"]
[EventType "swiss"]
[EventRounds "5"]
[EventCountry "NED"]
[Source "P.Boonen"]
[SourceDate "2012.01.01"]

1. e4 c6 2. d4 d5 3. exd5 cxd5 4. c4 Nf6 5. Nc3 Bf5 6. Qb3 Nc6 7. Nf3 Na5 8.
Qd1 e6 9. Qa4+ Nc6 10. Ne5 Qc8 11. c5 Nd7 12. Nxd7 Qxd7 13. Bb5 Be7 14. Bf4 O-O
15. O-O Bf6 16. Ne2 Rfc8 17. Bxc6 Qxc6 18. Qxc6 Rxc6 19. Rfd1 b6 20. b4 bxc5
21. bxc5 Ra6 22. Nc3 Bc2 23. Rd2 Ba4 24. Nxa4 Rxa4 25. Be3 Rc8 26. Rb1 g6 27.
f4 Rc6 28. g4 h6 29. Kg2 Rca6 30. Rbb2 Ra3 31. Bf2 g5 32. fxg5 hxg5 33. Rdc2
Rc6 34. Rb4 Kg7 35. Re2 Kg6 36. Reb2 e5 37. dxe5 Bxe5 38. Re2 Bc3 39. Rb3 Rxb3
40. axb3 d4 41. Re5 a5 42. Rd5 f6 43. Bxd4 Bxd4 44. Rxd4 Rxc5 45. b4 Rc2+ 46.
Kg3 a4 47. b5 a3 48. Ra4 Rc3+ 49. Kg2 Rb3 50. b6 Rb2+ 51. Kg3 1/2-1/2

[Event "LiSB-ch Veterans"]
[Site "Sittard"]
[Date "2003.12.07"]
[Round "5"]
[White "Claes, Peter"]
[Black "Schreinemachers, Jo"]
[Result "1/2-1/2"]
[WhiteElo "1697"]
[BlackElo "1615"]
[PlyCount "57"]
[EventDate "2003.11.29"]
[EventType "swiss"]
[EventRounds "5"]
[EventCountry "NED"]
[Source "P.Boonen"]
[SourceDate "2012.01.01"]

1. d4 d5 2. Nf3 c6 3. c3 Nf6 4. Bg5 Ne4 5. Bf4 Nd7 6. Nbd2 Ndf6 7. Nxe4 Nxe4 8.
Nd2 Bf5 9. Nxe4 Bxe4 10. f3 Bg6 11. e3 Qb6 12. Qb3 Qxb3 13. axb3 e6 14. Kd2 Kd7
15. Be2 Bd6 16. Bxd6 Kxd6 17. Ra3 a6 18. Rha1 e5 19. c4 exd4 20. exd4 Rhe8 21.
c5+ Kc7 22. b4 Re7 23. b5 Rae8 24. b6+ Kd7 25. Bf1 Ke6 26. Re1+ Kf6 27. Rxe7
Rxe7 28. Bxa6 Bf5 29. Bf1 1/2-1/2

[Event "LiSB-ch Veterans"]
[Site "Sittard"]
[Date "2003.12.07"]
[Round "5"]
[White "De Wit, Gerrit"]
[Black "Simonis, Peter"]
[Result "1-0"]
[WhiteElo "1740"]
[BlackElo "1758"]
[PlyCount "63"]
[EventDate "2003.11.29"]
[EventType "swiss"]
[EventRounds "5"]
[EventCountry "NED"]
[Source "P.Boonen"]
[SourceDate "2012.01.01"]

1. e4 c5 2. Nf3 d6 3. d4 cxd4 4. Nxd4 Nf6 5. Nc3 g6 6. Be2 Bg7 7. O-O O-O 8.
Bg5 Nc6 9. Nb3 Be6 10. f4 Qd7 11. h3 Bxb3 12. axb3 e6 13. Qd2 Rfd8 14. Rad1 Qc7
15. Qe3 Ne8 16. Bxd8 Rxd8 17. Kh1 a6 18. Rd2 Qa5 19. Rdd1 Nb4 20. Bd3 Nxd3 21.
Rxd3 Rc8 22. Qf3 b5 23. f5 gxf5 24. exf5 b4 25. fxe6 f6 26. Nd5 Rxc2 27. Qh5
Qd8 28. Qf7+ Kh8 29. Ne7 Nc7 30. Rxd6 Qa8 31. Rg1 Rxb2 32. Nc6 1-0

[Event "LiSB-ch Veterans"]
[Site "Sittard"]
[Date "2003.12.07"]
[Round "5"]
[White "Meijerink, Harrie"]
[Black "Sauer, Bob"]
[Result "1-0"]
[WhiteElo "1663"]
[BlackElo "1709"]
[PlyCount "51"]
[EventDate "2003.11.29"]
[EventType "swiss"]
[EventRounds "5"]
[EventCountry "NED"]
[Source "P.Boonen"]
[SourceDate "2012.01.01"]

1. d4 d5 2. c4 e6 3. Nc3 Be7 4. Nf3 Nf6 5. Bg5 c6 6. e3 O-O 7. Be2 Nbd7 8. O-O
Re8 9. Qc2 Qc7 10. Rac1 Nb6 11. b3 a6 12. Bd3 h6 13. Bf4 Qd8 14. c5 Nbd7 15. h3
Nf8 16. Na4 N6d7 17. Nh2 f5 18. g4 Ng6 19. Bg3 Nh4 20. Kh1 Rf8 21. Bxh4 Bxh4
22. gxf5 exf5 23. Bxf5 Qg5 24. Bh7+ Kh8 25. f4 Qg3 26. Rf3 1-0